Poskytnutie a prijatie preddavkov v účtovných jednotkách verejnej správy

Pokračovanie príspevku z predchádzajúceho čísla. Prijaté preddavky a taktiež poskytnuté preddavky alebo prijaté preddavky z vedľajšej činnosti.

Salvato in:
Dettagli Bibliografici
Autore principale: Jakubíková, Hana
Natura: Capitolo di libro
Lingua:slovacco
Soggetti:
Tags: Aggiungi Tag
Nessun Tag, puoi essere il primo ad aggiungerne!!

MARC

LEADER 00000naa a2200000 4500
001 0209364
005 20240502073458.7
041 0 |a slo 
044 |a SK 
245 1 0 |a Poskytnutie a prijatie preddavkov v účtovných jednotkách verejnej správy  |c Hana Jakubíková 
520 |a Pokračovanie príspevku z predchádzajúceho čísla. Prijaté preddavky a taktiež poskytnuté preddavky alebo prijaté preddavky z vedľajšej činnosti. 
610 2 0 |a správa verejná 
610 2 0 |a preddavky 
610 2 0 |a Slovensko 
610 2 0 |a jednotka účtovná 
100 1 |a Jakubíková, Hana